Math olympiads problems - Statistics

General Stats
  • This quiz has been taken 34 times
  • The average score is 3 of 5
Answer Stats
Question Answer % Correct
In a box, there are blue balls and red balls, and we know that the number of red balls is double the number of blue balls. If we add 4 red balls, the number of red balls is 3 times the number of blue balls. What was the number of balls in the box before we added the new balls? 12
88%
What is the value of 1+2+3+...+100 ? 5050
85%
How many positive integers divide 68276 ? (Hint: 68276: 2²x13²x101) 18
73%
James wants to color every positive integer between 1 and 10, but he cannot color two consecutive integers with the same color. If he has 4 different colors, how many coloring possibilities does he have? (you can use a calculator :) 78732
46%
Let ABCD be a square, and E a point inside ABCD such as ABE is an equilateral triangle. What is the value of angle CÊD ? (in degrees) 150
38%
No matching quizzes found
Score Distribution
Percent of People with Each Score
Percentile by Number Answered
Your Score History
You have not taken this quiz